Naturalization and nationality amendments and parole for funerals : hearing before the Subcommittee on International Law, Immigration, and Refugees of the Committee on the Judiciary, House of Representatives, One Hundred Third Congress, first session, on H.R. 783 ... H.R. 97 ... March 10, 1993.

Bibliographic Details
Corporate Authors: United States. Congress. House. Committee on the Judiciary. Subcommittee on International Law, Immigration, and Refugees, ProQuest (Firm)
Format: Government Document eBook
Language:English
Published: Washington : U.S. G.P.O., 1993.
Series:U.S. Congressional Hearings.
Subjects:
Online Access:Connect to the full text of this electronic book

MARC

Tag First Indicator Second Indicator Subfields
LEADER 00000cam a22000001a 4500
001 in00003252421
006 m d f
007 cr bn mmmapmmp
008 091022s1993 dcu ob f000 0 eng d
005 20260504144810.3
035 |a cis2007462037 
040 |a UMI  |c UMI  |d UtOrBLW 
043 |a n-us--- 
074 |a 1020-A 
074 |a 1020-B (MF) 
086 0 |a Y 4.J 89/1:103/1 
088 |a Serial no. 1 (United States. Congress. House. Committee on the Judiciary) 
099 |a HRG-1993-HJH-0001 
110 1 |a United States.  |b Congress.  |b House.  |b Committee on the Judiciary.  |b Subcommittee on International Law, Immigration, and Refugees. 
245 1 0 |a Naturalization and nationality amendments and parole for funerals :  |b hearing before the Subcommittee on International Law, Immigration, and Refugees of the Committee on the Judiciary, House of Representatives, One Hundred Third Congress, first session, on H.R. 783 ... H.R. 97 ... March 10, 1993. 
264 1 |a Washington :  |b U.S. G.P.O.,  |c 1993. 
300 |a 1 online resource. 
336 |a text  |b txt  |2 rdacontent 
337 |a computer  |b c  |2 rdamedia 
338 |a online resource  |b cr  |2 rdacarrier 
500 |a Record is based on bibliographic data in ProQuest Congressional Hearings Digital Collection. Reuse except for individual research requires license from ProQuest, LLC. 
504 |a Includes bibliographical references. 
538 |a System requirements: PDF reader software. 
500 |a Electronic resource. 
650 0 |a Funeral service  |z United States. 
650 0 |a Admission of nonimmigrants  |z United States. 
650 0 |a Emigration and immigration law  |z United States. 
655 7 |a Electronic books.  |2 local 
710 2 |a ProQuest (Firm) 
776 0 8 |i Print version:  |a United States. Congress. House. Committee on the Judiciary. Subcommittee on International Law, Immigration, and Refugees  |t Naturalization and nationality amendments and parole for funerals  |w (DGPO)94065790  |w (OCoLC)29212137 
776 0 8 |i Microfiche version:  |a United States. Congress. House. Committee on the Judiciary. Subcommittee on International Law, Immigration, and Refugees  |t Naturalization and nationality amendments and parole for funerals.  |d [Bethesda, Md.] : ProQuest,[2004]  |o CIS 93 H521-66  |w (ProQuest)cis09300932 
830 0 |a U.S. Congressional Hearings. 
856 4 0 |u http://proxy.library.tamu.edu/login?url=https://congressional.proquest.com/congcomp/getdoc?HEARING-ID=HRG-1993-HJH-0001  |z Connect to the full text of this electronic book  |t 0 
998 |a cis09300932 
999 |a MARS 
999 f f |s 2f418210-51ce-32b2-81c6-b902fccc1b80  |i 0624af66-ac83-3b6e-bd24-0ea26e580c2f  |t 0 
952 f f |a Texas A&M University  |b College Station  |c Electronic Resources  |s www_evans  |d Available Online  |t 0  |e HRG-1993-HJH-0001  |h Other scheme 
998 f f |a HRG-1993-HJH-0001  |t 0  |l Available Online